000 00733nam a2200217Ia 4500
003 GCL
008 140319s9999 xx 000 0 ara d
040 _aGCL /
_cGCL
082 0 4 _a910.974
_bع ا
100 1 _aعادل حموده
245 1 0 _aامريكا الجنة والنار : الكتاب الفائز بجائزة الدولة فى ادب الرحلات 1986 /
_cعادل حموده
300 _a239 ص
490 _a
650 0 4 _aالولايات المتحدة الامريكية
650 0 4 _aالرحلات
650 0 4 _aالرحلات فى الادب
650 0 4 _aوصف ورحلات
650 0 4 _aالرحالة - مصر
650 0 4 _aالادب العربى - العصر الحديث
942 _2ddc
_cBK
999 _c40622
_d40622